000 00411nam a2200133Ia 4500
008 211109s9999||||xx |||||||||||||| ||und||
082 _a005.1
_bMEE-V
100 _aMeeta Gandhi,
245 0 _aVijay Mukhis The C` Odyssey
260 _bMadhyamam
_aCalicut
_c1900
630 _xGENERAL STACK
650 _aComputer Science nformation & General Work
_vComputer programming, programs & dataGeneralia
942 _cBOOK
999 _c46570
_d46570